[Event "Lima GP IRT op"]
[Site "Lima"]
[Date "2013.??.??"]
[Round "6"]
[White "Oncoy Custodio, Joseph"]
[Black "Rodriguez, Sofia"]
[Result "1/2-1/2"]
[WhiteElo "1475"]
[BlackElo "1831"]
[PlyCount "70"]
[EventDate "2013.08.21"]
[EventType "swiss"]
[EventRounds "9"]
[EventCountry "PER"]
[SourceTitle "CBM 156 Extra"]
[Source "ChessBase"]
[SourceDate "2013.10.22"]
[SourceVersion "1"]
[SourceVersionDate "2013.10.22"]
[SourceQuality "1"]

1. e4 c5 2. Nf3 d6 3. d4 cxd4 4. Nxd4 Nf6 5. Nc3 a6 6. Be2 e6 7. 0-0 Nc6 8. Be3 Be7 9. f4 0-0 10. Bf3 Qc7 11. g4 Re8 12. Qd2 Na5 13. b3 d5 14. g5 Nxe4 15. Nxe4 dxe4 16. Bxe4 e5 17. Nf5 Bxf5 18. Bxf5 g6 19. Bd3 Bc5 20. Qf2 Bb4 21. fxe5 Qxe5 22. Qxf7+ Kh8 23. Bf2 Qxg5+ 24. Bg3 Rf8 25. Qe6 Bc3 26. Rad1 Rfe8 27. Qh3 Bd4+ 28. Kh1 Qd5+ 29. Qg2 Rad8 30. Bc7 Qxg2+ 31. Kxg2 Rd5 32. Bxa5 Rxa5 33. Bxg6 Rg8 34. Rxd4 Rxg6+ 35. Kh1 Rxa2 1/2-1/2